000 00659nam a2200265Ia 4500
005 20260306164303.0
008 008 260114s9999 xx 000 0 eng d
020 _a9780300252514
037 _aEBOOK
040 _aCRL
040 _beng
040 _cCRL
041 _2eng
041 _aeng
084 _qCRL
100 _aBrummer, Alex
_91130353
245 4 _aThe Great British Reboot: How The Uk Can Thrive In A Turbulent World
260 _bYale University Press
260 _c2021
650 _aEconomics & Finance
856 _uhttps://academic.oup.com/book/37459
942 _cEBOOK
999 _c1713513
_d1713513